01081nam a2200301Ia 450000500170000000800410001702000190005810000200007724501180009725000200021530000420023549000230027752100500030053400520035065000450040265000470044765000380049470000350053270000240056794200150059126400240060633600270063033700330065733800280069004000350071808400110075399900150076420220317001139.0160825s2007 sp a g 000 0 spa  a978843483970121 aAdler, David A.13aEl misterio de la casa encantadacDavid A. Adler ; traducción Ana Linares ; ilustraciones Carme Solé Vendrell a19a. edición  a80 páginas bilustraciones c19 cm  aEl barco de vapor  aRecomendado para niños a partir de 7 años tCam jansen and the mystery at the haunted house142LEMBaCuentos infantiles estadounidense 142LEMB aLiteratura infantil estadounidense 142LEMB aMisterio en la literatura 1 aSolé Vendrell, Carme 936391 aLinares, Ana966786 2loccBKINF aMadridbS. M.c2007 atextobtxt2rdacontent asin mediaciónbn2rdamedia avolumenbnc2rdacarrier aCO-BoRNBPbspaerdacCO-BoRNBP aC ADL1 c6069d6069